| 000 | 00894nam a2200217 i 4500 | ||
|---|---|---|---|
| 001 | 162299 | ||
| 003 | ES-MaACL | ||
| 005 | 20250725063223.0 | ||
| 008 | 980107s1855 fr |||| | latod | ||
| 040 |
_aNA _bspa _cNA |
||
| 100 | 0 |
_aPlutarco _992678 |
|
| 245 | 1 | 0 |
_aPloutarchou Apospasmata kai Pseylepinpapha _b: = Plutarchi Fragmenta et Spuria / _ccum codicibus contulit et emendavit Fr. Dübner ; cum novo indice nominum et rerum in omnia opera Plutarchi. |
| 260 |
_aParisiis : _beditore Ambrosio Firmin Didot, _c1855 ( _fexcudebant Firmin Didot Fratres) |
||
| 300 |
_aXIV, 424 p. ; _c26 cm. |
||
| 594 | _aTexto paralelo griego-latín. | ||
| 700 | 1 |
_aDübner, Friedrich ( _d1802-1867) _9149228 |
|
| 740 | 0 | 1 | _aFragmenta et Spuria. |
| 852 |
_aES-MaACL _jB-2490 _z-- Enc. hol. _x-- Edic.: Añadir t440: (Plutarchi Operum; 5) |
||
| 999 |
_c162299 _d162299 |
||